000 00680nam a2200241Ia 4500
005 20260430150403.0
008 008 250103s9999 xx 000 0 eng d
037 _aTheses
040 _aCRL
040 _beng
040 _ceng
041 _2eng
041 _aeng
084 _qCRL
100 _aSushil Kumar Au.; Meera Sharma Gu.; Muttoo S.K. Gu.; Singh V.B. Gu.
_91237340
245 0 _aPrediction Models for Orthogonal Defect Classification
260 _c2023
300 _a106p.
650 _aComputr Science
700 _aUniversity of Delhi. Faculty of Mathematical Sciences. Deptt. of Computer Science
_91237341
942 _cTH
999 _c1849660
_d1849660